Learning Resource and Development

Theory and practice of computation (Record no. 7788)

MARC details
000 -LEADER
fixed length control field 01233nam a22003737a 4500
005 - DATE AND TIME OF LATEST TRANSACTION
control field 20230512222914.0
008 - FIXED-LENGTH DATA ELEMENTS--GENERAL INFORMATION
fixed length control field 190422t xxu||||| |||| 00| 0 eng d
020 ## - INTERNATIONAL STANDARD BOOK NUMBER
International Standard Book Number 9789813234062
040 ## - CATALOGING SOURCE
Transcribing agency CSPC
082 0# - DEWEY DECIMAL CLASSIFICATION NUMBER
Classification number 511.352
Item number T343
245 00 - TITLE STATEMENT
Title Theory and practice of computation
Remainder of title proceedings of workshop on computation: theory and practice WCTP2016/
260 ## - PUBLICATION, DISTRIBUTION, ETC.
Place of publication, distribution, etc. Singapore:
Name of publisher, distributor, etc. World Scientific,
Date of publication, distribution, etc. 2018.
300 ## - PHYSICAL DESCRIPTION
Extent xi, 245 pages:
Other physical details figures, tables;
Dimensions 24 cm.
336 ## - CONTENT TYPE
Source rdacontent
Content type term text
337 ## - MEDIA TYPE
Source rdamedia
Media type term unmediated
338 ## - CARRIER TYPE
Source rdacarrier
Carrier type term volume
500 ## - GENERAL NOTE
General note Includes Index,
504 ## - BIBLIOGRAPHY, ETC. NOTE
Bibliography, etc. note Includes Bibliographical References.
650 10 - SUBJECT ADDED ENTRY--TOPICAL TERM
Topical term or geographic name entry element Computable functions.
650 10 - SUBJECT ADDED ENTRY--TOPICAL TERM
Topical term or geographic name entry element Computer science.
650 10 - SUBJECT ADDED ENTRY--TOPICAL TERM
Topical term or geographic name entry element Information theory.
650 10 - SUBJECT ADDED ENTRY--TOPICAL TERM
Topical term or geographic name entry element Logic, symbolic and mathematical.
650 10 - SUBJECT ADDED ENTRY--TOPICAL TERM
Topical term or geographic name entry element Machine theory.
650 10 - SUBJECT ADDED ENTRY--TOPICAL TERM
Topical term or geographic name entry element Computer programming.
650 10 - SUBJECT ADDED ENTRY--TOPICAL TERM
Topical term or geographic name entry element Electronic data processing.
700 1# - ADDED ENTRY--PERSONAL NAME
Personal name Shin-ya Nishizaki
Relator term editor
700 1# - ADDED ENTRY--PERSONAL NAME
Personal name Masayuki Numao
Relator term editor
700 1# - ADDED ENTRY--PERSONAL NAME
Personal name Jaime D L Caro
Relator term editor
700 1# - ADDED ENTRY--PERSONAL NAME
Personal name Merlin Teodosia C. Suarez
Relator term editor
940 ## - EQUIVALENCE OR CROSS-REFERENCE--UNIFORM TITLE [OBSOLETE] [CAN/MARC only]
Uniform title <a href="Lenie">Lenie</a>
942 ## - ADDED ENTRY ELEMENTS (KOHA)
Koha item type
-- CIR 511.352 T343 2018
Holdings
Withdrawn status Lost status Source of classification or shelving scheme Damaged status Not for loan Home library Current library Shelving location Date acquired Total Checkouts Full call number Barcode Date last seen Copy number Price effective from Koha item type
          Main Library Main Library Circulation Section 05/12/2023   CIR 511.352 T343 2018 020145 05/12/2023 1-1 05/12/2023 Books